000 01061nam a2200253 a 4500
001 000021774
003 DO-SdBNP
005 20250623100511.0
008 100913s1972 dr ac 001 0 spa d
040 _aDO-SdBNP
_bspa
_cBNPHU
049 _aBNPD
082 _a972.9305
_bL579c
100 1 _aLeón, Carlos V., de
_945241
245 1 0 _aCasos y cosas de ayer /
_cCarlos V. de León.
246 0 4 _aCasos y cosas de ayer :
_bnarraciones históricas sobre la primera ocupación militar de la República Dominicana por las Fuerzas Navales de los Estados Unidos de América años 1916-1924 y otros relatos.
260 _aSanto Domingo :
_bImprenta Núñez,
_c1972.
300 _a356 p. :
_bil., retrs. ;
_c22 cm.
504 _aIncluye bibliografía y notas al pie de páginas.
651 4 _aOcupación Militar
_zRepública Dominicana
_xHistoria
_ySiglo XX
_945242
651 4 _aRepública Dominicana
_xHistoria
_ySiglo XX
_99490
651 4 _aRepública Dominicana
_xVida social y costumbres
_9405
910 _aValidado. Control de calidad EMS
942 _2ddc
_cLBS1
999 _c21273
_d21273